000 00252nam a2200109Ia 4500
008 220204s9999 xx 000 0 und d
082 _a82-3
_bSHA
100 _aShakespeare, William
245 4 _aThe Tempest
260 _aKuala Lumpur
_bDax
942 _cBK
999 _c38647
_d38647